Tour de France 3 indices, une année ? - Statistiques

Statistiques générales
  • Ce quiz a été pris 36 fois
  • Le résultat moyen est 49 sur 110
Statistiques - réponses
iNDICE 1 INDICE 2 INDICE 3 ANNEE LANTERNE ROUGE VAINQUEUR % Correct
Le Français David Gaudu termine 4e du classement final Le départ est donné à Copenhague Un seul Français gagne une étape, Christophe Laporte 2022 Caleb Ewan (5h40) JV
100%
1ère participation de Christopher Froome Le 3e du classement final, également Grand prix de la Montagne est déclassé Andy Schleck gagne le classement du Meilleur jeune 2008 Win Vansevenant (3h55) CS
93%
Dietrich Thurau (22 ans) porte le maillot jaune pendant 2 semaines Bernard Quilfen remporte l'étape Besançon - Thonon-les-Bains après une échappée de 222 km. Dernier tour d'Eddy Merckx 1977 Roger Loysch (2h24) BT
86%
Julian Alaphilippe remporte le Grand prix de la Montagne Pierre Latour est le Meilleur jeune Le Tour emprunte 21.7 km de secteur pavé 2018 Gregory Lawson Craddock (4h34) GT
86%
5 coureurs français dans les 15 premiers 1ère victoire au classement général d'un Australien Pierre Rolland gagne le classement du Meilleur jeune 2011 Fabio Sabatini (3h57) CE
82%
Deux Français, Péraud et Pinot terminent 2e et 3e du général Thibaut Pinot est le vainqueur du classement du Meilleur jeune Le Tour part de Leeds 2014 Cheng Ji (6h02) VN
82%
Le vainqueur initial, Lance Armstrong a été déclassé en 2012 Le Tour part de Liège Richard Virenque remporte pour la 7e fois le Grand prix de la Montagne. Il établit un record 2004 Jimmy Casper (3h55) Non attribué
79%
Ce Tour est reporté à cause d'une pandémie L'épreuve part de Nice Les maillots distinctifs sont remis par un membre de l'équipe du coureur 2020 Roger Kluge (6h07) TP
75%
Romain Bardet termine 3e de l'épreuve Le vainqueur final ne gagne aucune étape Warren Barguil remporte deux étapes 2017 Luke Rowe (4h35) CF
71%
Anquetil abandonne pendant la 19 étape et fait ses adieux au Tour Poulidor remporte la contre la montre de Vals-les-Bains Les coureurs protestent contre un contrôle anti-dopage à Bordeaux 1966 Paolo Manucci (2h05) LA
68%
Deux coureurs français portent seuls le maillot jaune Anquetil porte le maillot jaune pendant 20 étapes sur 21 Dernière édition avec des équipes nationales 1961 André Geneste (4h13) JA
64%
Merckx gagne au Ballon d'Alsace Merckx gagne les trois classements La lanterne rouge, Pierre Matignon, gagne l'étape du Puy-de-Dôme 1969 André Wilhelm (3h51) EM
64%
L'étape contre la montre par équipes Orchies - Fontaine-au-Pire est annulée en raison d'une manifestation et remplacée par une étape Lorient - Plumelec. 4e victoire du vainqueur Le Tour part de Bâle et passe par 7 pays 1982 Werner Devos (3h04) BH
64%
Les bonifications pour le classement général sont rétablies Un Erythréen, Daniel Tklehaimanot porte le maillot à pois Les Français gagnent trois étapes 2015 Sébastien Chavanel (4h56) CF
64%
1ère édition Col de la République Maurice Garin domine 1903 Arsène Millocheau (64h47) MC
61%
Le vainqueur gagne pour la 3e fois consécutivement Charly Gaul (22 ans) commence à faire parler de lui Apparition de la photo-finish pour les sprints 1955 Tony Hoar (6h06) LB
61%
Le vainqueur initial, Lance Armstrong a été déclassé en 2012 Le deuxième est un ancien vainqueur allemand Richard Virenque remporte l'étape Courchevel/Morzine 2000 Olivier Perraudeau (3h46) Non attribué
61%
Le vainqueur initial, Lance Armstrong a été déclassé en 2012 Le Tour part de Luxembourg Le 1er Français termine 13e 2002 Iker Flores (3h35) Non attribué
61%
Retour de l'ascension du Puy-de-Dôme, 35 ans après la dernière Victor Lafay est le seul Français à remporter une étape Les coureurs rentrent en France par Hendaye 2023 Michael Morkov (6h07) JV
61%
Le peloton s'arrête à Colombey-les-deux-Eglises pour saluer le général de Gaulle Terrible chute de Roger Rivière dans la descente du col de Perjurel qui mettra fin à sa carrière Le Tour part de Lille 1960 José Berrendero (3h58) GN
57%
Le vainqueur initial, Lance Armstrong a été déclassé en 2012 Il n'y a aucun ancien vainqueur au départ de cette édition Aucune victoire d'étape française 1999 Jacky Durand (3h19) Non attribué
57%
Le vainqueur initial, Lance Armstrong a été déclassé en 2012 Laurent Jalabert et Christophe Moreau remportent au total 3 étapes Le deuxième est un ancien vainqueur allemand 2001 Jimmy Casper (3h52) Non attribué
57%
Le vainqueur initial, Lance Armstrong a été déclassé en 2012 Tour du Centenaire Richard Virenque remporte pour la 6e fois le Grand prix de la Montagne 2003 Hans De Clercq (4h48) Non attribué
57%
Pour la 1ère fois le Tour part de Corse L'étape du 14 juillet s'achève au Mont Ventoux Le Colombien Nairo Quintana termine 2e, Meilleur jeune et meilleur grimpeur 2013 Svein Tuft (4h27) CF
57%
Pour la 1ère fois le Tour est remporté par un Colombien Julian Alaphilippe porte le maillot jaune pendant 14 jours Romain Bardet remporte le Grand prix de la Montagne 2019 Sebastian Langeveld (4h34) EB
57%
Pour la 2e fois un Slovène gagne l'épreuve Julian Alaphilippe gagne la 1ère étape Le Tour part de Brest 2021 Tim Declercq (5h01) TP
57%
Robic prend un bidon de plomb pour s'alourdir avant de descendre le Tourmalet Emission d'un timbre pour le cinquantenaire du Tour 15 anciens vainqueurs sont réunis à l'arrivée 1953 Claude Rouer (4h09) LB
54%
Anquetil simule un incident mécanique pour changer de vélo dans la montée de La Forclaz 50e édition du Tour Anquetil est ovationné au Parc des Princes et Poulidor (6e) sifflé 1963 Willy Derboven (2h45 JA
54%
Merckx reprend le maillot suite à un abandon et refuse le porter pendant une étape Luis Ocana, maillot jaune, chute dans la descente du col de Mente et abandonne 1er transport par avion entre Marseille et Albi 1971 Georges Chappe (3h04) EM
54%
Le vainqueur gagne avec 8 secondes d'avance Le Tour célèbre le bi-centenaire de la Révolution Française en attribuant une prime de 17.890 Francs au km 1789 Dans l'étape contre la montre Dinard/Rennes, LeMond expérimente un guidon de triathlète 1989 Mathieu Hermans (3h04) GL
54%
Le Tour est remporté pour la 1ère fois par un Allemand Cédric Vasseur gagne une étape du Tour vingt sept ans après son père Alain Richard Virenque termine le Tour à la 2e place 1997 Philippe Gaumont (4h26) JU
54%
Le vainqueur initial, Lance Armstrong a été déclassé en 2012 Christophe Moreau, 1er Français, termine 11e Le 3e du classement final est également déclassé 2005 Iker Flores (4h20) Non attribué
54%
Le Tour passe par 6 pays, France, Monaco, Espagne, Andorre, Suisse et Italie Lance Armstrong revient sur le Tour L'hymne du Danemark est diffusé à la place de l'hymne espagnol sur les Champs-Elysées 2009 Yauheni Hutarovich (4h16) AC
54%
Doublé Giro/Tour de France pour le vainqueur Le 11 juillet, un camion citerne entre dans la foule - 8 morts Duel Anquetil/Poulidor sur le Puy-de-Dôme 1964 Anatole Novak (3h19) JA
50%
7 victoires d'étape pour Hinault Le podium est identique à celui de l'année précédente Deux arrivées à l'Alpe d'Huez pendant ce Tour 1979 Gerhard Schonbacher (4h19) BH
50%
Dustin Hoffman suit plusieurs étapes en prévision d'un film "Le Maillot Jaune" qui ne sera pas tourné. Luis Herrera remporte à l'Alpe d'Huez la première victoire sud-américaine dans le Tour. Greg LeMond, premier Américain sur le podium 1984 Gilbert Glaus (4h01) LF
50%
Philippe Bouvatier perd la 14e étape en se trompant de chemin à 200 m de l'arrivée Le vainqueur est convaincu de dopage mais ne peut être sanctionné, le produit ne figurant pas encore sur la liste de l'UCI Jacques Goddet quitte la direction du Tour 1988 Dirk Wayenberg (3h28) PD
50%
Le Tour emprunte le tunnel sous la Manche Un letton termine l'épreuve 2e Richard Virenque remporte le Grand prix de la Montagne 1994 John Talen (3h39) MI
50%
Fabio Casartelli se tue dans la descente du Portet d'Aspet Le vainqueur remporte son 5e Tour consécutif Pendant cette édition Jalabert porte la maillot jaune 1995 Bruno Cornillet (3h36) MI
50%
Le Tour célèbre le 150e anniversaire du rattachement de la Savoie Le Tour part de Rotterdam Le Tour célèbre les 100 ans du 1er passage dans les Pyrénées 2010 Adriano Malori (4h26) AS
50%
Un Britannique remporte le Tour pour la 1ère fois Le port du casque est rendu obligatoire Thomas Voeckler remporte le Grand prix de la Montagne 2012 Jimmy Engoulvent (3h57) BW
50%
Le vainqueur gagne pour la 3e fois l'épreuve Romain Bardet termine 2e de l'épreuve Le Tour part du Mont-Saint-Michel 2016 Sam Bennett (5h17) CF
50%
Pottier monte la ballon d'Alsace à 20 km/h Des clous sur le parcours La presse annonce que le trajet Grenoble-Gap a été parcouru 3 fois plus vite qu'en diligence ! 1905 Clovis Lacroix LT
46%
Poulidor prend le départ avec une main plâtrée 1ère opposition Poulidor / Anquetil Retour aux équipes de marque 1962 Augusto Marcaletti (4h29) JA
46%
Poulidor gagne l'étape du Ventoux Le vainqueur participe pour la 1ère fois au Tour 1er départ d'Allemagne 1965 Joseph Groussard (2h37) FG
46%
Freddy Maertens gagne 8 étapes Dernier tour de Poulidor Le Tour passe 4 jours en Belgique 1976 Aad Van der Hoek (3h12) LVI
46%
Grève des coureurs qui passent la ligne d'arrivée à pied à Valence d'Agen. Ils protestent contre les horaires de départ. Michel Pollentier est disqualifié alors qu'il porte le maillot jaune pour tentative de fraude au contrôle anti-dopage 1ère victoire de Bernard Hinault 1978 Philippe Tesnière (3h52) BH
46%
5e victoire du vainqueur Apparition des pédales automatiques et des roues lenticulaires Stephen Roche, premier Irlandais sur le podium. 1985 Manrico Ronchiato (4h13) BH
46%
Sorenson doit abandonner suite à une chute alors qu'il porte le maillot jaune Thierry Marie gagne au Havre après une échappée solitaire de 234 km 1ère victoire d'étape brésilienne 1991 Rob Harmeling (3h25) MI
46%
Ce tour est surnommé par la presse le "Tour de la honte" Le Tour part de Dublin le 11 juillet 1er vainqueur italien depuis 1965 1998 Damien Nazon (3h12) MP
46%
9 coureurs ne peuvent prendre le départ, disqualifiés l'avant-veille Le vainqueur, Floyd Landis, est reconnu coupable de dopage et la 1ère place attribuée au 2e Le Tour part de Strasbourg 2006 Win Vansevenant (4h01) OP
46%
Charles Pelissier gagne 8 étapes sur 21 Naissance de la caravane publicitaire Fin des équipes de marques, apparition des équipes nationales 1930 Marcel Ilpide (15h10) AL
43%
Robic avait promis à sa jeune épouse de gagner le prix promis au vainqueur 1ère édition après la guerre Le vainqueur prend le maillot jaune dans la dernière étape 1947 Pietro Tarchini (7h28) JR
43%
Cette édition se déroule en France, Belgique, Italie et Suisse Le vainqueur a gagné le Tour 10 ans plus tôt Pour la 1ère le dernier coureur du classement général est éliminé entre la 3e et la 18e étape 1948 Vittorio Seghezzi (4h26) GB
43%
Le vainqueur a 28 mn d'avance à Paris Le Tour apparait à la télévision Coppi remporte les trois étapes de montagne avec arrivée en altitude 1952 Henri Paret (7h15) FC
43%
Thévenet vainqueur au Mont Ventoux et au Ballon d'Alsace Cyrille Guimard maillot jaune et maillot vert 4e victoire consécutive pour le vainqueur 1972 Alain Bellouis (4h03) EM
43%
Le Tour part de Scheveningue aux Pays-Bas Abandon de Poulidor à la 13e étape Thévenet termine 2e 1973 Jacques Hochart (4h51) LO
43%
Victoire en solitaire de Poulidor au Pla d'Adet Tournage d'un film sur Merckx, "La course en tête" Dernière arrivée à la Cipale 1974 Lorenzo Alaimo (3h55) EM
43%
Merckx est frappé par un spectateur dans la montée du Puy-de-Dôme 1ers essais d'un cadre en carbone et fibre de verre par Van Impe Création des maillots à poids et blanc 1975 Jacques Boulas (3h31) BT
43%
Philippe Louviot expérimente un dérailleur électrique Doublé Giro/Tour de France pour le vainqueur Un Américain, Hampsten, gagne à l'Alpe d'Huez 1992 Fernando Quevedo (4h12) MI
43%
3e victoire consécutive du vainqueur Le Polonais Zenon Jaskula est sur le podium final Doublé Giro/Tour de France pour le vainqueur 1993 Edwig Van Hooydonck (3h30) MI
43%
Magne prend le maillot jaune dans les Pyrénées et le conserve jusqu'à la fin Un Autrichien gagne 3 étapes Le dessinateur René Pellos suit le Tour 1931 Richard Lamb (5h29) AM
39%
Domination de Fausto Coppi 1ère étape en Espagne 1er emprunt du Col du Mont-Cenis 1949 Guido De Santi (6h07) FC
39%
Pour la 1ère fois, le Tour part de l'étranger (Amsterdam) 1ère chronique d'André Blondin dans L'Equipe Absence des Italiens qui acceptent la publicité 1954 Marcel Dierkens (6h07) LB
39%
Dernier tour sans arrivée en altitude Lors de la 16e étape (Toulouse-Luchon) 28 coureurs sont hors délai Dernière arrivée au Parc des Princes 1967 Jean-Pierre Genet (2h21) RP
39%
1er néerlandais vainqueur du Tour Poulidor bousculé par un moto chute sur l'étape Font-Romeu/Albi Roger Pingeon s'échappe seul pendant 193 km entre Font-Romeu et Albi et gagne l'étape 1968 John Clarey (2h43) JJ
39%
Le vainqueur a terminé 6 fois 2e et dispute son 10e Tour Bernard Hinault abandonne à Pau alors qu'il porte le maillot jaune Le Tour part de Francfort 1980 Gerhard Schonbacher (2h10) JZ
39%
Freddy Maertens gagne 6 étapes 1er australien porteur du maillot jaune, Phil Anderson 1ère participation d'un coureur américain, Jonathan Boyer 1981 Faustino Cueli Arce (4h29) BH
39%
Alors qu'il porte le maillot jaune Stéphane Heulot abandonne dans les Alpes Virenque est meilleur grimpeur pour la 3e fois consécutive Le Tour est remporté pour la 1ère fois par un Danois 1996 Jean-Luc Masduouy (3h49) BR
39%
Thys est pénalisé de 30 minutes pour avoir changé de roue Le 2e, Henri Pelissier termine à 1 mn 50s du premier 1ère participation du champion italien Girardengo qui abandonne dans les Pyrénées 1914 Henri Leclerc (99h04) PT
36%
Eugène Christophe subit une succession de crevaison mais est déclaré par la foule "vainqueur moral" 1ère édition après la guerre et 1er maillot jaune Honoré Barthélémy gagne trois étapes consécutives 1919 Jules Nempon (21h24) FL
36%
Le vainqueur est passé professionnel la saison précédente L'Auto tire à 840000 exemplaires pendant le Tour Jean Aerts gagne 5 étapes 1933 Ernest Neuhard (3h57) GS
36%
Le maillot jaune ne quitte pas l'équipe de France Dans le Portet d'Aspet, Vietto fait demi-tour pour aider Antonin Magne Le meilleur grimpeur, René Vietto, a 20 ans 1934 Antonio Folco (7h15) AM
36%
Gino Bartali, maillot jaune tombe dans un ravin et abandonne Un autre maillot jaune, Sylvère Maes, abandonne à Bordeaux Le vainqueur est équipé d'un dérailleur pour la 1ère fois dans l'histoire du Tour 1937 Aloïse Klensch (6h39) RL
36%
Le départ est donné par Orson Welles 1ère victoire d'un Suisse Apparition des délais à l'arrivée des étapes. 1950 Fritz Zbinden (4h06) FK
36%
Louison Bobet fait ses adieux au Tour en abandonnant au sommet de l'Iseran 1ère victoire espagnole 1er direct retransmis par hélicoptère le 14 juillet 1959 Louis Bissilliat (3h12) FB
36%
Thierry Marie utilise un vélo spécial équipé d'une selle à appui dorsal lors du prologue 1er maillot jaune canadien Les vainqueurs de 18 Tours sont présents sur la course 1986 Ennio Salvador (2h55) GL
36%
3 villes étapes sont dans le département du Tarn Le Tour part de Londres Le vainqueur remporte aussi le maillot blanc 2007 Win Vansevenant (3h52) AC
36%
Vainqueur de 20 ans Agression de coureurs à Nîmes Déclassement des 4 premiers 1904 Antoine Deflotrière (101h36) HC
32%
Petit-Breton abandonne suite à une chute Eugène Christophe casse sa fourche et la répare lui-même chez un forgeron Lapize abandonne jugeant ses gains insuffisants 1913 Henri Alavoine (63h12) PT
32%
Van Est, maillot jaune, tombe dans un ravin et abandonne Koblet part en échappée solitaire pendant 135 km sur l'étape Brive-Agen Le chansonnier Jacques Grello publie des chroniques dans L'Equipe 1951 Abdel-Kader Zaaf (4h58) HK
32%
Aucun étranger ne porte le maillot jaune L'équipe de France gagne 13 étapes sur 22 1er reportage de Robert Chapatte sur le tour 1957 Guy Million (4h41) JA
32%
Victoire d'un Luxembourgeois, 30 ans après son compatriote Nicolas Frantz Darrigade chute au Parc des Princes et blesse mortellement un chef jardinier 8 porteurs différents du maillot jaune 1958 Walter Favre (3h49) CG
32%
Doublé Giro/Tour de France pour le vainqueur 1er danois vainqueur d'étape Création du prix récompensant le Meilleur jeune 1970 Frits Hoogerheide (3h52) EM
32%
Pèlerinage du Tour à Karlsruhe, la ville du Baron de Drais et berceau de la bicyclette. 1er maillot jaune polonais Le Tour part de Berlin-Ouest 1987 Mathieu Hermans (4H23) SR
32%
Pottier s'échappe pendant 220 km Trois concurrents prennent le train et sont disqualifiés Petit-Breton commence à se distinguer 1906 Georges Bronchard RP
29%
Georget utilise une bicyclette à roue libre Georget déclassé pour voir emprunté un vélo Duel Georget/Faber dans le col de la Porte 1907 Albert Chartier LP
29%
Conditions climatiques hivernales 1ère victoire luxembourgeoise Faber s'échappe 255 km dans la neige entre Metz et Belfort 1909 Georges Devilly FF
29%
Lapize gagne les deux étapes pyrénéennes Seul Garrigou ne met pas pied à terre dans le Tourmalet Duel Lapize/Faber 1910 Constant Collet OL
29%
Christophe gagne à Grenoble après 315 km d'échappée solitaire Pluie diluvienne pendant la grande étape des Pyrénées 1ère victoire belge 1912 Maurice Lartigue OD
29%
Les Belges remportent 12 étapes sur 15 1er Français, Honoré Barthélémy termine avec une épaule fracturé et un poignet luxé à la 8e place 1er triple vainqueur 1920 Charles Raboisson (69h) PT
29%
1er vainqueur français depuis 1911 Henri Pelissier gagne haut la main les étapes de Briançon et Genève L'Auto tire à 600000 exemplaires pendant le Tour 1923 Daniel Masson (48h31) HP
29%
Le vainqueur est maillot jaune de la 1ère à la 15e étape Les frères Pélissier abandonnent à la 3e étape 1ère victoire italienne 1924 Victor Lafosse (45h12) OB
29%
Le vainqueur est maillot jaune de la 1ère à la 22e étape Nicolas Frantz casse son vélo sur Metz-Charleville et termine l'étape sur un vélo de femme 1ère participation d'un Australien 1928 Edouard Persin (26h56) NF
29%
Leducq et Magne terminent ensemble la dernière étape, ils sont déclarés vainqueurs ex-aequo Speicher est disqualifié pour s'être accroché à une voiture Jean Gabin, Albert Préjean et Georges Carpentier commentent le tour sur Radio 37 1938 Janus Hellemons (5h02) GB
29%
Sylvère Maes bat le record de la moyenne à 31,98 km/h Les Allemands sont absents pour raison politique Tournage du film "Pour le maillot jaune" de Jean Stelli 1939 Armand Le Moal (4h26) SM
29%
Faber remporte la catégorie "pneus démontables" ! Seul Passerieu ne met pas pied à terre dans le Ballon d'Alsace Faber gagne l'étape Belfort-Lyon dans une tempête de neige 1908 Henri Anthoine LP
25%
Faber mène deux échappées en solitaire de 206 et 260 km Le Stéphanois Panel expérimente le changement de vitesses Duboc, victime d'un empoisonnement à Bayonne, termine 2e à Paris 1911 Lucien Roquebert GG
25%
L'organisation annule l'ascension du Tourmalet enneigé Eugène Christophe, fourche cassée, descend le Galibier à pied Jean Alavoine gagne les 3 étapes des Pyrénées 1922 Daniel Masson (65h53) FL
25%
Fontan abandonne le Tour alors qu'il porte le maillot jaune A Bordeaux trois coureurs sont à égalité de temps, il y a 3 maillots jaunes Charles Pelissier gagne à Belfort après une échappée de 186 km en solitaire 1929 André Léger (31h37) MDW
25%
Sylvère Maes prend 9 mn à Antonin Magne dans Luchon-Pau Les Italiens sont absents pour raison politique Pour la 1ère fois une étape est divisée en 3 secteurs 1936 Aldo Bertocco (4h49) SM
25%
Roger Hassenforder. mène une échappée solitaire de 187 km entre Lyon et Montluçon 1ère victoire d'un outsider appartenant à une équipe régionale Le changement de roue est autorisé en cas de crevaison 1956 Chaussabel (4h10) RW
25%
Henk Lubberding est déclassé lors de la 16e étape pour avoir poussé son adversaire Le vainqueur gagne pour sa 1ère participation Le Tour s'ouvre aux équipes d'amateurs 1983 Marcel Laurens (4h02) LF
25%
Un journaliste soviétique suit toute l'épreuve pour la 1ère fois 1ère victoire d'étape soviétique Le vainqueur ne gagne aucune étape 1990 Rodolfo Massi (3h16) GL
25%
Le tour est dominé par Lucien Buysse A Luchon, des coureurs terminent l'étape en autocar Bayonne-Luchon est disputée sous une pluie glaciale 1926 André Drobecq (26h05) LB
21%
Leducq et Magne commencent à faire parler d'eux 24 étapes ! Long raid solitaire de l'Italien Gordini dans le col d'Aubisque 1927 Jacques Pfister (31h03) NF
21%
Le vainqueur a appris à rouler sur une bicyclette à 22 ans Honoré Barthélémy crève 11 fois pendant la 1ère étape Le vainqueur est surnommé la "locomotive" 1921 Henri Catelan (63h19) LS
18%
Tournage du film "Le roi de la pédale" Le 1er Français se classe 11e Le vainqueur gagne la 1ère et la dernière étape 1925 Fernand Besnier (36h10) OB
18%
Leducq prend le maillot jaune à Bordeaux et le conserve 18 jours Leducq gagne l'étape du Galibier sous la neige 1er Allemand sur le podium, Kurt Stoepel 1932 Rudolf Risch (5h05) AL
18%
Le vainqueur est maillot jaune de la 1ère à la 21e étape Francesco Cepeda est victime d'une chute mortelle dans la descente du Galibier Apparition du drapeau rouge 1935 Willi Kutzbach (7h40) RM
18%
Aucun quiz correspondant
Distribution des résultats
% des personnes avec chaque résultat
Percentile par nombre de réponses
Votre historique - résultats
Vous n’avez pas pris ce quiz